| 000 | 00000nam##2200000za#4500 |
| 001 | 9.700210 |
| 003 | CaOODSP |
| 005 | 20210625000730 |
| 007 | cr ||||||||||| |
| 008 | 150407|2001||||xxc|||||o f|0| 0 eng|d |
| 040 | |aCaOODSP|beng |
| 043 | |an-cn--- |
| 086 | 1 |aV32-160/2001E-PDF |
| 110 | 1 |aCanada. |bVeterans Affairs Canada. |
| 245 | 10|aVeterans Affairs Canada five-year strategic plan, 2001-2006 |h[electronic resource] |
| 260 | |aCharlottetown - Prince Edward Island : |bVeterans Affairs Canada |c[2001?]. |
| 300 | |a37p.|bfigs., organization chart, photographs |
| 590 | |a15-01-Supp|b2015-01-26 |
| 775 | 08|tAnciens Combattants Canada - plan stratégique quinquennal, 2001-2006 |w(CaOODSP)9.644113 |
| 856 | 40|ahttp://publications.gc.ca|qPDF|s446 KB|uhttps://publications.gc.ca/collections/collection_2014/acc-vac/V32-160-2001-eng.pdf |